logo

Bir Sreshtho Munshi Abdur Rouf Library
Jhenaidah Cadet College

Built to last : (Record no. 6499)

MARC details
000 -LEADER
fixed length control field 01141nam a2200325 a 4500
001 - CONTROL NUMBER
JCCL Control Number 6499
003 - CONTROL NUMBER IDENTIFIER
JCCL marc code UkOxU
005 - DATE AND TIME OF LATEST TRANSACTION
control field 20240519110719.0
008 - FIXED-LENGTH DATA ELEMENTS--GENERAL INFORMATION
fixed length control field 130312r20021994nyua b 001 0 eng
020 ## - INTERNATIONAL STANDARD BOOK NUMBER
International Standard Book Number 9780060516406 (pbk.)
020 ## - INTERNATIONAL STANDARD BOOK NUMBER
International Standard Book Number 0060516402 (pbk.)
035 ## - SYSTEM CONTROL NUMBER
system control number (BD-JhCC)6499
040 ## - CATALOGING SOURCE
Original cataloging agency UkOxU
Transcribing agency UkOxU
Modifying agency BD-JhCC
041 ## - LANGUAGE CODE
Language code of Book eng
082 ## - DEWEY DECIMAL CLASSIFICATION NUMBER
Classification number 658.421
Author mark and Year BUI 2002
100 1# - MAIN ENTRY--PERSONAL NAME
Personal name Collins, James C.
Fuller form of name (James Charles),
Dates associated with a name 1958-
245 10 - TITLE STATEMENT
Title Built to last :
Remainder of title successful habits of visionary companies /
Statement of responsibility, etc James C. Collins, Jerry I. Porras.
250 ## - EDITION STATEMENT
Edition statement Pbk. ed.
260 ## - PUBLICATION, DISTRIBUTION, ETC. (IMPRINT)
Place of publication, distribution, etc New York ;
-- London :
Name of publisher, distributor, etc HarperBusiness,
Date of publication, distribution, etc 2002.
300 ## - PHYSICAL DESCRIPTION
Pagination xxiv, 342 p. :
Other physical details ill. ;
Dimensions 21 cm.
500 ## - GENERAL NOTE
General note Hardcover ed. published: HarperBusiness, 1994.
504 ## - BIBLIOGRAPHY, ETC. NOTE
Bibliography, etc Includes bibliographical references (p. [305]-333) and index.
650 #0 - SUBJECT ADDED ENTRY--TOPICAL TERM
Topical term or geographic name as entry element Success in business
Geographic subdivision United States.
650 #0 - SUBJECT ADDED ENTRY--TOPICAL TERM
Topical term or geographic name as entry element Industrial management
Geographic subdivision United States.
650 #0 - SUBJECT ADDED ENTRY--TOPICAL TERM
Topical term or geographic name as entry element Entrepreneurship
Geographic subdivision United States.
700 1# - ADDED ENTRY--PERSONAL NAME
Personal name Porras, Jerry I.
856 42 - ELECTRONIC LOCATION AND ACCESS
Materials specified Publisher description
Uniform Resource Identifier http://www.loc.gov/catdir/description/hc041/94020571.html
942 ## - ADDED ENTRY ELEMENTS (KOHA)
Source of classification or shelving scheme Dewey Decimal Classification
Koha item type Books
Holdings
Source of classification or shelving scheme Damaged status Not for loan Home library Current library Shelving location Date of accession Total Checkouts Full call number Barcode Date last seen Date checked out Copy number Koha item type Method of acquisition Currency
Dewey Decimal Classification     JCC Rouf Library JCC Rouf Library General Stacks 06/19/2023 1 658.421 BUI 2002 8780 08/10/2023 06/19/2023 C - 1 Books    
Dewey Decimal Classification     JCC Rouf Library JCC Rouf Library General Stacks     658.421 COL 2002 19462 05/19/2024   C-2 Books Purchase BDT

JCC Library | Contacts | JCC Home

Last Update on 23 September 2017
Copyright @ 2017-2020 JCC Rouf Library
Rouf Library, Jhenidah Cadet College (JCC), Bangladesh